Hacia Miguel Hernández / (Record no. 66824)

MARC details
000 -LEADER
campo de control de longitud fija 01194nam a2200277 i 4500
001 - NÚMERO DE CONTROL
campo de control 66824
003 - IDENTIFICADOR DE NÚMERO DE CONTROL
campo de control ES-MaACL
005 - FECHA Y HORA DE LA ÚLTIMA TRANSACCIÓN
campo de control 20251002201618.0
007 - CAMPO FIJO DE DESCRIPCIÓN FÍSICA--INFORMACIÓN GENERAL
campo de control de longitud fija t|
008 - DATOS DE LONGITUD FIJA--INFORMACIÓN GENERAL
campo de control de longitud fija 040405s2003 sp ||||1| spa d
080 ## - NÚMERO DE LA CLASIFICACIÓN DECIMAL UNIVERSAL
Número de la Clasificación Decimal Universal 929 Hernández, Miguel
080 ## - NÚMERO DE LA CLASIFICACIÓN DECIMAL UNIVERSAL
Número de la Clasificación Decimal Universal 821.134.2 Hernández, Miguel 1.07
100 1# - ENTRADA PRINCIPAL--NOMBRE DE PERSONA
Nombre de persona Pérez Alvarez, Ramón.
9 (RLIN) 90637
245 10 - MENCIÓN DEL TÍTULO
Título Hacia Miguel Hernández /
Mención de responsabilidad, etc. Ramón Pérez Alvarez ; edición y prólogo Aitor L. Larrabide y José Luis Zerón Huguet ; epílogo César Moreno.
260 ## - PUBLICACIÓN, DISTRIBUCIÓN, ETC.
Lugar de publicación, distribución, etc. Orihuela (Alicante) :
Nombre del editor, distribuidor, etc. Asociación Cultural Ediciones Empireuma :
-- Fundación Cultural Miguel Hernández,
Fecha de publicación, distribución, etc. [2003]
300 ## - DESCRIPCIÓN FÍSICA
Extensión 131 p. :
Otras características físicas il. ;
Dimensiones 25 cm.
490 1# - MENCIÓN DE SERIE
Mención de serie Biblioteca hernandiana. Documentos
504 ## - NOTA DE BIBLIOGRAFÍA, ETC.
Nota de bibliografía, etc. Bibliografía: p. 14-16.
600 14 - PUNTO DE ACCESO ADICIONAL DE MATERIA--NOMBRE DE PERSONA
Nombre de persona Hernández, Miguel,
Fechas asociadas al nombre 1910-1942-
Subdivisión general Crítica e interpretación
9 (RLIN) 62846
700 1# - ENTRADA AGREGADA--NOMBRE PERSONAL
Nombre de persona Larrabide Achútegui, Aitor Luis.
9 (RLIN) 70291
700 1# - ENTRADA AGREGADA--NOMBRE PERSONAL
Nombre de persona Zerón Huguet, José Luis.
9 (RLIN) 118207
710 2# - ENTRADA AGREGADA--NOMBRE DE ENTIDAD CORPORATIVA
Nombre de entidad corporativa o nombre de jurisdicción como elemento de entrada Fundación Cultural Miguel Hernández.
9 (RLIN) 4265
830 1# - PUNTO DE ACCESO ADICIONAL DE SERIE-TÍTULO UNIFORME
Título uniforme Biblioteca hernandiana.
-- Documentos
9 (RLIN) 230855
852 4# - LOCALIZACIÓN
Ubicación ES-MaACL
Número de control de estantería L-27288
Nota libre - Dedicatoria autógrafa de Aitor L. Larrabide
Holdings
Estatus retirado Estado de pérdida Estado de daño No para préstamo Biblioteca de origen Biblioteca actual Ubicación en estantería Fecha de adquisición Fuente de adquisición Total de préstamos Signatura topográfica completa Código de barras Visto por última vez Precio de reemplazo Tipo de ítem Koha
        Biblioteca del Ateneo de Madrid Biblioteca del Ateneo de Madrid Depósito 2 17/01/2008     L-27288 1069992 23/02/2023 23/02/2023 Libro impreso